| 000 | 00627cam a2200229ua 4500 | ||
|---|---|---|---|
| 020 |
_a81-204-0288-X _cRs 23.00 |
||
| 041 |
_aeng _h |
||
| 082 |
_a631.5874 _bCHA/MA |
||
| 100 | _aChambers, Robert . | ||
| 245 |
_aManaging canal irrigation: Practical analysis from South Asia / _cRobert Chambers. _hTextual Documents |
||
| 250 |
_a1 / _b. |
||
| 260 |
_aNew Delhi : _bOxford & IBH Publishing company , _c1988. |
||
| 300 | _a279 ; . | ||
| 365 | _aRs 23.00 | ||
| 504 | _a | ||
| 942 | _cBK | ||
| 999 |
_c1367 _d1367 |
||